Logo BPK

Bibliografia Prac Pracowników

Politechniki Koszalińskiej

Formalized construction method of array functional graphs for regular algorithms / (Rekord nr 170)

Szczegóły MARC
000 -ETYKIETA REKORDU
podpole kontrolne o stałej długości 01104nab a2200229 i 4500
001 - NUMER KONTROLNY REKORDU
podpole kontrolne BPP
003 - IDENTYFIKATOR NUMERU KONTROLNEGO REKORDU
podpole kontrolne BPK
005 - DATA OSTATNIEJ MODYFIKACJI REKORDU
podpole kontrolne 20191005094030.0
008 - POLE O STAŁEJ DŁUGOŚCI - DANE KONTROLNE
podpole kontrolne o stałej długości 151204s1997 uk | | |000 ||eng
040 ## - ŹRÓDŁO KATALOGOWANIA
Instytucja, która utworzyła rekord BPK
041 ## - KOD JĘZYKA
Kod języka tekstu eng
044 ## - KOD KRAJU WYDAWCY/PRODUCENTA
Kod kraju wydawcy/producenta GBR
100 ## - NAZWA OSOBOWA
Nazwa osobowa KANYEVSKYY, Yuriy.
Lata pracy 1996 - 2001.
Instytucja Politechnika Koszalińska - Wydział Elektroniki,
Wydział Katedra Inżynierii Komputerowej
245 ## - TYTUŁ/ODPOWIEDZIALNOŚĆ
Tytuł Formalized construction method of array functional graphs for regular algorithms /
Pozostałe elementy strefy tytułu i oznaczenia odpowiedzialności R. Wyrzykowski, J. Kanevski, N. Maslennikova, O. Maslennikov, S. Ovramenko.
260 ## - STREFA ADRESU WYDAWNICZEGO
Data publikacji, dystrybucji/powstania dokumentu 1997.
500 ## - UWAGI OGÓLNE
Tekst uwagi Dane z Informatora o publikowanych wynikach prac naukowo-badawczych w 2001 roku Wydziału Elektroniki.
655 #0 - TERMIN INDEKSOWY - OKREŚLENIE RODZAJU/FORMY DOKUMENTU
Określnie rodzaju/formy dokumentu Materiały konferencyjne.
773 ## - TYTUŁ DOKUMENTU MACIERZYSTEGO
Wyrażenie wprowadzające W :
Tytuł Engineering Simulation. -
Informacje dotyczące relacji 1997, Vol. 14, pp. 217-232
700 ## - HASŁO DODATKOWE - NAZWA OSOBOWA
Nazwa osobowa Maslennikow, Oleg
Lata pracy 1996 - 2010.
Instytucja Politechnika Koszalińska - Wydział Elektroniki,
Wydział Katedra Inżynierii Komputerowej
700 ## - HASŁO DODATKOWE - NAZWA OSOBOWA
Nazwa osobowa Maslennikowa, Natalia
Lata pracy 1999 - .
Instytucja Politechnika Koszalińska - Wydział Elektroniki,
Wydział Katedra Inżynierii Komputerowej
942 ## - HASŁO DODATKOWE - ELEMENTY(KOHA)
Typ dokumentu Artykuł
Schemat klasyfikacji Uniwersalna klasyfikacja dziesiętna

Brak dostępnych egzemplarzy.

© 2014 Biblioteka Politechniki Koszalińskiej :: BIBLIOGRAFIA PRAC PRACOWNIKÓW